[Event "HUN-chT2 Toth 1718"]
[Site "Hungary"]
[Date "2018.05.06"]
[Round "11.2"]
[White "Vilagos, Nandor"]
[Black "Szasz, Janos"]
[Result "1-0"]
[WhiteElo "2052"]
[BlackElo "2074"]
[PlyCount "73"]
[EventDate "2017.09.24"]
[EventType "team-tourn"]
[EventRounds "11"]
[EventCountry "HUN"]
[SourceTitle "EXT 2021"]
[Source "ChessBase"]
[SourceDate "2020.10.23"]
[SourceVersion "1"]
[SourceVersionDate "2020.10.23"]
[SourceQuality "1"]
[WhiteTeam "Felegyhaza Csongrad"]
[BlackTeam "Bekes"]
[WhiteTeamCountry "HUN"]
[BlackTeamCountry "HUN"]

1. e4 e6 2. d4 d5 3. Nd2 c5 4. exd5 Qxd5 5. Ngf3 Nc6 6. Bc4 Qd8 7. 0-0 Nf6 8. Nb3 cxd4 9. Nbxd4 Nxd4 10. Nxd4 a6 11. c3 Be7 12. Bf4 0-0 13. Qf3 Qb6 14. Rab1 Qc5 15. Bd3 Qd5 16. Qxd5 Nxd5 17. Bg3 Bd7 18. Be4 Rac8 19. Bxd5 exd5 20. Rfe1 Rfe8 21. Re5 Bf6 22. Rxd5 Bc6 23. Nxc6 Rxc6 24. Rd2 h5 25. Bf4 Rb6 26. Rbd1 Re4 27. Be3 Rb5 28. Kf1 a5 29. Bd4 Bg5 30. Rc2 Rd5 31. Re1 Rxe1+ 32. Kxe1 b5 33. Re2 Bf4 34. g3 Bd6 35. Re8+ Kh7 36. Rd8 Kg6 37. Ke2 1-0

[Event "HUN-chT2 Toth 1718"]
[Site "Hungary"]
[Date "2017.12.03"]
[Round "5.3"]
[White "Szasz, Janos"]
[Black "Czegledi, Laszlo"]
[Result "0-1"]
[WhiteElo "2074"]
[BlackElo "2156"]
[PlyCount "62"]
[EventDate "2017.09.24"]
[EventType "team-tourn"]
[EventRounds "11"]
[EventCountry "HUN"]
[SourceTitle "EXT 2021"]
[Source "ChessBase"]
[SourceDate "2020.10.23"]
[SourceVersion "1"]
[SourceVersionDate "2020.10.23"]
[SourceQuality "1"]
[WhiteTeam "Bekes"]
[BlackTeam "Ujszasz"]
[WhiteTeamCountry "HUN"]
[BlackTeamCountry "HUN"]

1. d4 d5 2. c4 e6 3. Nc3 Bb4 4. cxd5 exd5 5. Bf4 Nf6 6. e3 Ne4 7. Nge2 g5 8. Bg3 h5 9. f3 Nxg3 10. hxg3 Qe7 11. Kf2 c6 12. Rc1 Nd7 13. Ng1 Nf6 14. Bd3 Be6 15. Qc2 Bd6 16. e4 dxe4 17. Nxe4 Nxe4+ 18. Bxe4 Qf6 19. Ne2 Kf8 20. a3 Kg7 21. Rcd1 Rad8 22. Qc1 Bc7 23. Ke1 h4 24. gxh4 gxh4 25. Qc5 Bb6 26. Qc3 Bd5 27. Qe3 Bc4 28. Qf4 Qxf4 29. Nxf4 Bxd4 30. g3 hxg3 31. Rxh8 Bf2# 0-1

[Event "HUN-chT2 Toth 1718"]
[Site "Hungary"]
[Date "2017.10.08"]
[Round "2.3"]
[White "Tamas, Kornel"]
[Black "Szasz, Janos"]
[Result "1/2-1/2"]
[WhiteElo "2016"]
[BlackElo "2074"]
[PlyCount "59"]
[EventDate "2017.09.24"]
[EventType "team-tourn"]
[EventRounds "11"]
[EventCountry "HUN"]
[SourceTitle "EXT 2021"]
[Source "ChessBase"]
[SourceDate "2020.10.23"]
[SourceVersion "1"]
[SourceVersionDate "2020.10.23"]
[SourceQuality "1"]
[WhiteTeam "Gyula"]
[BlackTeam "Bekes"]
[WhiteTeamCountry "HUN"]
[BlackTeamCountry "HUN"]

1. d4 d5 2. Nf3 c5 3. g3 Bf5 4. Bg2 e6 5. 0-0 Nf6 6. c4 Nc6 7. Nc3 Be7 8. cxd5 Nxd5 9. Nxd5 Qxd5 10. Be3 cxd4 11. Nxd4 Be4 12. Nb5 Qxb5 13. Bxe4 0-0 14. Qb3 Qxb3 15. axb3 Bf6 16. Bxc6 bxc6 17. Rxa7 Rxa7 18. Bxa7 Ra8 19. Bc5 Bxb2 20. Rb1 Ra1 21. Rxa1 Bxa1 22. f4 f5 23. Kf2 e5 24. Ke3 Kf7 25. Kd3 Ke6 26. Kc4 g6 27. e3 Bb2 28. b4 exf4 29. exf4 Bg7 30. Bd4 1/2-1/2

[Event "HUN-chT2 Toth 1617"]
[Site "Hungary"]
[Date "2016.10.09"]
[Round "2.2"]
[White "Szasz, Janos"]
[Black "Kun, Imre"]
[Result "1-0"]
[WhiteElo "2056"]
[BlackElo "1942"]
[PlyCount "109"]
[EventDate "2016.09.25"]
[EventType "team-tourn"]
[EventRounds "11"]
[EventCountry "HUN"]
[SourceTitle "EXT 2021"]
[Source "ChessBase"]
[SourceDate "2020.10.23"]
[SourceVersion "1"]
[SourceVersionDate "2020.10.23"]
[SourceQuality "1"]
[WhiteTeam "Bekes"]
[BlackTeam "Nadudvar"]
[WhiteTeamCountry "HUN"]
[BlackTeamCountry "HUN"]

1. d4 d5 2. c4 e6 3. Nc3 Nf6 4. Nf3 Be7 5. Bf4 c5 6. e3 0-0 7. Be2 cxd4 8. exd4 dxc4 9. Bxc4 Nc6 10. 0-0 Bd7 11. Qe2 Rc8 12. Rfd1 Nb4 13. d5 exd5 14. Nxd5 Nbxd5 15. Bxd5 Nxd5 16. Rxd5 Rc5 17. Rad1 Rxd5 18. Rxd5 Qe8 19. Re5 Be6 20. Nd4 Bf6 21. Nxe6 fxe6 22. Rxe6 Qa4 23. Bd6 Rc8 24. h3 Kf7 25. Re4 Qd7 26. Qd1 Kg8 27. Qb3+ Kh8 28. Bf4 h6 29. Qe3 Bxb2 30. Qxa7 Qd5 31. Qe3 Kh7 32. Re7 Bc1 33. Qg3 Rg8 34. Bxc1 Qd1+ 35. Kh2 Qxc1 36. Rxb7 Qc6 37. Rc7 Qb6 38. a4 Kh8 39. Rf7 Qa5 40. Qf4 Ra8 41. Rf8+ Rxf8 42. Qxf8+ Kh7 43. Qf4 Qc5 44. Qe4+ Kh8 45. f4 Qa5 46. Qe8+ Kh7 47. Qb5 Qd2 48. Qf5+ Kg8 49. a5 Qd6 50. Qe5 Qa6 51. h4 Qa8 52. Qe6+ Kh7 53. a6 Qd8 54. Qe4+ Kg8 55. a7 1-0

[Event "HUN-chT2 Toth 1516"]
[Site "Hungary"]
[Date "2016.02.28"]
[Round "8.2"]
[White "Egyed, Gabor"]
[Black "Szasz, Janos"]
[Result "0-1"]
[WhiteElo "2105"]
[BlackElo "2107"]
[PlyCount "44"]
[EventDate "2015.09.13"]
[EventType "team-tourn"]
[EventRounds "11"]
[EventCountry "HUN"]
[SourceTitle "EXT 2017"]
[Source "ChessBase"]
[SourceDate "2016.10.25"]
[SourceVersion "1"]
[SourceVersionDate "2016.10.25"]
[SourceQuality "1"]
[WhiteTeam "Karcag"]
[BlackTeam "Bekes"]
[WhiteTeamCountry "HUN"]
[BlackTeamCountry "HUN"]

1. e4 b6 2. d4 Bb7 3. Nc3 e6 4. a3 Nf6 5. f3 d5 6. e5 Nfd7 7. f4 c5 8. Nf3 Be7 9. Bd3 Nc6 10. Be3 0-0 11. h4 cxd4 12. Bxh7+ Kh8 13. Ng5 g6 14. Bxg6 Kg7 15. Bxf7 Bxg5 16. hxg5 Rh8 17. Rxh8 Qxh8 18. Bxe6 dxe3 19. Qxd5 Qh4+ 20. Kd1 Nc5 21. Qc4 Rd8+ 22. Bd5 Ba6 0-1

[Event "HUN-chT2 Toth 1516"]
[Site "Hungary"]
[Date "2015.12.06"]
[Round "6.2"]
[White "Szasz, Janos"]
[Black "Kecskemeti, Arpad"]
[Result "1/2-1/2"]
[WhiteElo "2107"]
[BlackElo "2184"]
[PlyCount "111"]
[EventDate "2015.09.13"]
[EventType "team-tourn"]
[EventRounds "11"]
[EventCountry "HUN"]
[SourceTitle "CBM 170 Extra"]
[Source "ChessBase"]
[SourceDate "2016.02.25"]
[SourceVersion "1"]
[SourceVersionDate "2016.02.25"]
[SourceQuality "1"]
[WhiteTeam "Bekes"]
[BlackTeam "Mako SVSE II"]
[WhiteTeamCountry "HUN"]
[BlackTeamCountry "HUN"]

1. d4 Nf6 2. c4 g6 3. Nc3 Bg7 4. Bf4 d6 5. Qd2 0-0 6. Bh6 Nbd7 7. Bxg7 Kxg7 8. Nf3 c6 9. e3 e5 10. dxe5 dxe5 11. Rd1 Qe7 12. Qd6 Qxd6 13. Rxd6 e4 14. Ng5 Nc5 15. Rxf6 Kxf6 16. Nxh7+ Kg7 17. Nxf8 Kxf8 18. b4 Na6 19. a3 f5 20. Be2 Nc7 21. 0-0 a5 22. b5 Be6 23. Rd1 Ke7 24. Kf1 cxb5 25. cxb5 Rc8 26. f3 Ne8 27. Na4 Nd6 28. Rd4 Rc1+ 29. Kf2 Rc2 30. Ke1 Ra2 31. Nc5 exf3 32. gxf3 Rxa3 33. e4 Ra1+ 34. Kf2 Rb1 35. exf5 Bxf5 36. b6 Rxb6 37. Ra4 Rb2 38. Rxa5 Rc2 39. Nb3 Rb2 40. Nd4 Bd3 41. Re5+ Kf7 42. Ke1 Nf5 43. Nxf5 Bxf5 44. Rc5 Kf6 45. h4 Rb4 46. Rb5 Rxb5 47. Bxb5 Kg7 48. Kf2 Kh6 49. Kg3 Kh5 50. Be2 Bd7 51. f4+ Kh6 52. Kf3 b5 53. Ke3 b4 54. Kd2 Be6 55. Kc2 Bf7 56. Bg4 1/2-1/2

[Event "HUN-chT2 Toth 1415"]
[Site "Hungary"]
[Date "2015.01.25"]
[Round "7.1"]
[White "Csuri, Laszlo"]
[Black "Szasz, Janos"]
[Result "1/2-1/2"]
[WhiteElo "1977"]
[BlackElo "2063"]
[PlyCount "45"]
[EventDate "2014.09.07"]
[EventType "team-tourn"]
[EventRounds "11"]
[EventCountry "HUN"]
[SourceTitle "EXT 2016"]
[Source "ChessBase"]
[SourceDate "2015.10.08"]
[SourceVersion "1"]
[SourceVersionDate "2015.10.08"]
[SourceQuality "1"]
[WhiteTeam "Roszke"]
[BlackTeam "Bekes"]
[WhiteTeamCountry "HUN"]
[BlackTeamCountry "HUN"]

1. e4 e6 2. d4 d5 3. Be3 dxe4 4. Nd2 Nf6 5. f3 Nd5 6. Qe2 Nxe3 7. Qxe3 exf3 8. Ngxf3 Be7 9. Bd3 Nd7 10. 0-0 Nf6 11. c3 0-0 12. Ne5 c5 13. Qh3 h6 14. Nb3 cxd4 15. cxd4 a5 16. a4 Bd7 17. Rf3 Nd5 18. Raf1 Bf6 19. Nxd7 Qxd7 20. Rxf6 Nxf6 21. Rxf6 gxf6 22. Qxh6 f5 23. Qg5+ 1/2-1/2

[Event "HUN-chT2 Toth 1415"]
[Site "Hungary"]
[Date "2014.11.30"]
[Round "5.2"]
[White "Muhari, Istvan"]
[Black "Szasz, Janos"]
[Result "1-0"]
[WhiteElo "2246"]
[BlackElo "2063"]
[PlyCount "87"]
[EventDate "2014.09.07"]
[EventType "team-tourn"]
[EventRounds "11"]
[EventCountry "HUN"]
[SourceTitle "EXT 2016"]
[Source "ChessBase"]
[SourceDate "2015.10.08"]
[SourceVersion "1"]
[SourceVersionDate "2015.10.08"]
[SourceQuality "1"]
[WhiteTeam "Ujszasz"]
[BlackTeam "Bekes"]
[WhiteTeamCountry "HUN"]
[BlackTeamCountry "HUN"]

1. e4 e6 2. e5 d6 3. exd6 cxd6 4. d4 Nf6 5. Nf3 Be7 6. Bd3 0-0 7. 0-0 Nc6 8. c3 b6 9. Re1 Re8 10. Nbd2 Bb7 11. Nf1 Rc8 12. Ng3 Na5 13. Qe2 Bd5 14. Nd2 Qc7 15. Ngf1 Nc4 16. Ne3 Nxe3 17. fxe3 Bb7 18. e4 e5 19. d5 a5 20. Nf1 Nd7 21. Qg4 Nf6 22. Qf3 g6 23. Ng3 Bd8 24. Be3 Nd7 25. Rf1 Nc5 26. Bb5 Rf8 27. Bh6 Be7 28. Bxf8 Rxf8 29. Qe3 Qd8 30. b4 Bg5 31. Qf2 axb4 32. cxb4 Na6 33. a3 Qc7 34. Kh1 Nb8 35. Qe2 Bc8 36. Ra2 Qc3 37. Qc2 Qxc2 38. Rxc2 f5 39. Rc7 f4 40. Ne2 Bg4 41. Ng1 Rf7 42. Rxf7 Kxf7 43. Rc1 Bd7 44. Rc7 1-0

[Event "HUN-chT2 Toth 1314"]
[Site "Hungary"]
[Date "2014.04.27"]
[Round "11.3"]
[White "Szasz, Janos"]
[Black "Molnar, Gabor1111"]
[Result "1/2-1/2"]
[WhiteElo "2017"]
[BlackElo "1903"]
[PlyCount "40"]
[EventDate "2013.09.08"]
[EventType "team-tourn"]
[EventRounds "11"]
[EventCountry "HUN"]
[SourceTitle "EXT 2016"]
[Source "ChessBase"]
[SourceDate "2015.10.08"]
[SourceVersion "1"]
[SourceVersionDate "2015.10.08"]
[SourceQuality "1"]
[WhiteTeam "Bekes"]
[BlackTeam "Roszke"]
[WhiteTeamCountry "HUN"]
[BlackTeamCountry "HUN"]

1. d4 d5 2. c4 Bf5 3. Nc3 e6 4. Nf3 c6 5. cxd5 exd5 6. Qb3 Qb6 7. Qxb6 axb6 8. e3 h6 9. Be2 Nd7 10. 0-0 Bd6 11. b3 Ngf6 12. Bb2 0-0 13. Rfc1 Ba3 14. Bxa3 Rxa3 15. Nd2 Rfa8 16. f3 b5 17. e4 Be6 18. e5 Ne8 19. b4 R3a7 20. g4 g5 1/2-1/2

[Event "HUN-chT2 Toth 1314"]
[Site "Hungary"]
[Date "2014.03.23"]
[Round "9.3"]
[White "Szasz, Janos"]
[Black "Donko, Matyas"]
[Result "1/2-1/2"]
[WhiteElo "2017"]
[BlackElo "2083"]
[PlyCount "30"]
[EventDate "2013.09.08"]
[EventType "team-tourn"]
[EventRounds "11"]
[EventCountry "HUN"]
[SourceTitle "EXT 2016"]
[Source "ChessBase"]
[SourceDate "2015.10.08"]
[SourceVersion "1"]
[SourceVersionDate "2015.10.08"]
[SourceQuality "1"]
[WhiteTeam "Bekes"]
[BlackTeam "Kecskemet Takisz"]
[WhiteTeamCountry "HUN"]
[BlackTeamCountry "HUN"]

1. d4 Nf6 2. c4 e6 3. Nf3 d5 4. Bf4 c5 5. e3 a6 6. Nbd2 Nc6 7. dxc5 Bxc5 8. Be2 0-0 9. 0-0 Re8 10. Nb3 Ba7 11. Ne5 Bb8 12. Nxc6 bxc6 13. Bxb8 Rxb8 14. Qc2 Qb6 15. Rfd1 a5 1/2-1/2

[Event "HUN-chT2 Toth 1314"]
[Site "Hungary"]
[Date "2014.03.02"]
[Round "8.1"]
[White "Dosztan, Janos"]
[Black "Szasz, Janos"]
[Result "1/2-1/2"]
[WhiteElo "2197"]
[BlackElo "2017"]
[PlyCount "132"]
[EventDate "2013.09.08"]
[EventType "team-tourn"]
[EventRounds "11"]
[EventCountry "HUN"]
[SourceTitle "EXT 2016"]
[Source "ChessBase"]
[SourceDate "2015.10.08"]
[SourceVersion "1"]
[SourceVersionDate "2015.10.08"]
[SourceQuality "1"]
[WhiteTeam "Ujszasz"]
[BlackTeam "Bekes"]
[WhiteTeamCountry "HUN"]
[BlackTeamCountry "HUN"]

1. d4 d5 2. Nf3 c5 3. e3 Nf6 4. Nbd2 e6 5. c3 Be7 6. Bd3 0-0 7. 0-0 b6 8. Ne5 Bb7 9. f4 Nbd7 10. Qf3 Qc7 11. g4 a5 12. g5 Nxe5 13. fxe5 Ne4 14. h4 Nxd2 15. Bxd2 Ba6 16. Bxa6 Rxa6 17. Rf2 Ra7 18. Raf1 Bd8 19. e4 dxe4 20. Qxe4 cxd4 21. cxd4 Qb7 22. Qxb7 Rxb7 23. Rc1 b5 24. Rc5 Rd7 25. Rxb5 Rxd4 26. Bxa5 Bxa5 27. Rxa5 Rxh4 28. Kf1 Rg4 29. Rg2 Rf4+ 30. Ke2 Rd8 31. Ra3 Re4+ 32. Re3 Red4 33. Kf3 g6 34. b3 R8d5 35. Rc2 Rh4 36. Rg2 Rhd4 37. Rge2 Kg7 38. Re4 Rd3+ 39. R2e3 Rd1 40. a4 h6 41. gxh6+ Kxh6 42. b4 g5 43. Rb3 Rf1+ 44. Ke2 Rdd1 45. Ree3 g4 46. b5 Kg5 47. Red3 Rfe1+ 48. Kf2 Rf1+ 49. Ke3 Rde1+ 50. Kd2 Rd1+ 51. Kc2 Rc1+ 52. Kb2 Rb1+ 53. Ka3 Ra1+ 54. Kb2 Rxa4 55. b6 Rf2+ 56. Kc3 Ra8 57. b7 Rb8 58. Rb4 Rf3 59. Kd2 Rxd3+ 60. Kxd3 Kf5 61. Rb5 Kf4 62. Ke2 g3 63. Kf1 Kf3 64. Rb4 g2+ 65. Kg1 Kg3 66. Rb2 Kf4 1/2-1/2

[Event "HUN-chT2 Toth 1314"]
[Site "Hungary"]
[Date "2013.11.17"]
[Round "5.3"]
[White "Hajdu, Istvan"]
[Black "Szasz, Janos"]
[Result "0-1"]
[WhiteElo "2114"]
[BlackElo "2017"]
[PlyCount "94"]
[EventDate "2013.09.08"]
[EventType "team-tourn"]
[EventRounds "11"]
[EventCountry "HUN"]
[SourceTitle "EXT 2016"]
[Source "ChessBase"]
[SourceDate "2015.10.08"]
[SourceVersion "1"]
[SourceVersionDate "2015.10.08"]
[SourceQuality "1"]
[WhiteTeam "Szentes"]
[BlackTeam "Bekes"]
[WhiteTeamCountry "HUN"]
[BlackTeamCountry "HUN"]

1. e4 c5 2. Nf3 d6 3. d4 cxd4 4. Nxd4 e6 5. Nc3 Nc6 6. Be3 a6 7. Be2 Nf6 8. 0-0 Be7 9. f4 0-0 10. Bf3 Qc7 11. Nb3 Rd8 12. Qe1 Rb8 13. Qg3 Kh8 14. e5 dxe5 15. Bxc6 bxc6 16. fxe5 Nh5 17. Qh3 Qxe5 18. g4 Rxb3 19. axb3 Bc5 20. Rae1 Nf6 21. Bxc5 Qxc5+ 22. Qe3 Qxe3+ 23. Rxe3 Nxg4 24. Ree1 Kg8 25. Rd1 Re8 26. Rd6 Ne3 27. Rf2 Nf5 28. Rxc6 Rd8 29. Rd2 Rf8 30. Rc7 h5 31. Ne4 e5 32. c3 Be6 33. Nc5 Bc8 34. Nd7 Bxd7 35. Rcxd7 e4 36. Rd8 Nh4 37. Rxf8+ Kxf8 38. Kf2 f5 39. Ke3 Ke7 40. c4 Ke6 41. c5 Ke5 42. c6 f4+ 43. Ke2 f3+ 44. Kf1 e3 45. Rd3 e2+ 46. Kf2 Ng2 47. Re3+ Kd6 0-1

[Event "HUN-chT2 Toth 1314"]
[Site "Hungary"]
[Date "2013.09.08"]
[Round "1.3"]
[White "Keresztes, Mark"]
[Black "Szasz, Janos"]
[Result "0-1"]
[WhiteElo "2115"]
[BlackElo "2017"]
[PlyCount "64"]
[EventDate "2013.09.08"]
[EventType "team-tourn"]
[EventRounds "11"]
[EventCountry "HUN"]
[SourceTitle "EXT 2016"]
[Source "ChessBase"]
[SourceDate "2015.10.08"]
[SourceVersion "1"]
[SourceVersionDate "2015.10.08"]
[SourceQuality "1"]
[WhiteTeam "Toth Laszlo II"]
[BlackTeam "Bekes"]
[WhiteTeamCountry "HUN"]
[BlackTeamCountry "HUN"]

1. c4 c6 2. Nc3 d5 3. d4 g6 4. Nf3 Nf6 5. Bg5 Bg7 6. e3 0-0 7. Rc1 Bg4 8. Qb3 Bxf3 9. gxf3 Nbd7 10. cxd5 cxd5 11. Bf4 Qb6 12. Bb5 Rfc8 13. Ke2 e6 14. Na4 Qd8 15. Bxd7 Nxd7 16. Qxb7 e5 17. dxe5 Nxe5 18. Bxe5 Bxe5 19. f4 Rcb8 20. Qc6 Bxb2 21. Rcd1 d4 22. Qc2 Qf6 23. Rd3 dxe3 24. fxe3 Rb5 25. Rb3 Rxb3 26. Qxb3 Qa6+ 27. Kf2 Bf6 28. Rc1 Qa5 29. Kg1 Re8 30. Qc4 Qd2 31. Rc2 Qxe3+ 32. Kg2 Bd4 0-1

[Event "HUN-chT2 Toth 1213"]
[Site "Hungary"]
[Date "2013.04.21"]
[Round "11.4"]
[White "Szasz, Janos"]
[Black "Varga, Laszlo"]
[Result "1/2-1/2"]
[WhiteElo "1949"]
[BlackElo "2199"]
[PlyCount "64"]
[EventDate "2012.09.16"]
[EventType "team-tourn"]
[EventRounds "11"]
[EventCountry "HUN"]
[SourceTitle "EXT 2014"]
[Source "ChessBase"]
[SourceDate "2013.11.20"]
[SourceVersion "1"]
[SourceVersionDate "2013.11.20"]
[SourceQuality "1"]
[WhiteTeam "Mezobereny"]
[BlackTeam "Ujszasz"]
[WhiteTeamCountry "HUN"]
[BlackTeamCountry "HUN"]

1. d4 e6 2. Nf3 c5 3. e3 Nf6 4. Be2 Be7 5. 0-0 0-0 6. Nbd2 b6 7. b3 Bb7 8. Bb2 d6 9. Re1 Nbd7 10. a4 a6 11. Bd3 d5 12. e4 dxe4 13. Nxe4 cxd4 14. Bxd4 Qc7 15. Nxf6+ Bxf6 16. Bxf6 gxf6 17. Be4 Rad8 18. Qe2 f5 19. Bxb7 Qxb7 20. Rad1 Nc5 21. Ng5 h6 22. Qh5 Kg7 23. b4 Nd7 24. Nxf7 Rxf7 25. Rd3 Rf6 26. Rg3+ Kh8 27. Rg6 Rxg6 28. Qxg6 e5 29. Qxh6+ Kg8 30. Qg6+ Kf8 31. Qxf5+ Ke7 32. Qg5+ Ke8 1/2-1/2

[Event "HUN-chT2 Toth 1213"]
[Site "Hungary"]
[Date "2013.04.07"]
[Round "10.3"]
[White "Szasz, Janos"]
[Black "Tenk, Zoltan"]
[Result "1/2-1/2"]
[WhiteElo "1949"]
[BlackElo "2012"]
[PlyCount "87"]
[EventDate "2012.09.16"]
[EventType "team-tourn"]
[EventRounds "11"]
[EventCountry "HUN"]
[SourceTitle "EXT 2014"]
[Source "ChessBase"]
[SourceDate "2013.11.20"]
[SourceVersion "1"]
[SourceVersionDate "2013.11.20"]
[SourceQuality "1"]
[WhiteTeam "Mezobereny"]
[BlackTeam "Maroczy II"]
[WhiteTeamCountry "HUN"]
[BlackTeamCountry "HUN"]

1. d4 d5 2. c4 e6 3. Nf3 Nf6 4. Nc3 Be7 5. Bf4 0-0 6. e3 c6 7. Be2 Nbd7 8. 0-0 Re8 9. Rc1 Nf8 10. Ne5 Ng6 11. Nxg6 hxg6 12. Bf3 b6 13. Qa4 Bb7 14. Rfd1 Nh5 15. Bg3 Nxg3 16. hxg3 f5 17. g4 a6 18. Ne2 Kf7 19. gxf5 gxf5 20. Nf4 g6 21. Qb3 Rh8 22. cxd5 exd5 23. e4 fxe4 24. Bxe4 Rh6 25. Rc3 Qd6 26. Rf3 Kg7 27. Bc2 Rah8 28. Nh3 Bc8 29. Re1 Bxh3 30. Rxh3 Rxh3 31. gxh3 Qf6 32. Qe3 Bb4 33. Re2 Rh5 34. f4 Bd6 35. Bxg6 Kxg6 36. Qe8+ Qf7 37. Re6+ Kg7 38. Qxf7+ Kxf7 39. Rxd6 Rxh3 40. Rxc6 Rd3 41. Rxb6 Rxd4 42. Rxa6 Rd1+ 43. Kf2 Rd2+ 44. Ke3 1/2-1/2

[Event "HUN-chT2 Toth 1213"]
[Site "Hungary"]
[Date "2013.02.17"]
[Round "7.4"]
[White "Szasz, Janos"]
[Black "Joo, Janos"]
[Result "1/2-1/2"]
[WhiteElo "1949"]
[BlackElo "2057"]
[PlyCount "68"]
[EventDate "2012.09.16"]
[EventType "team-tourn"]
[EventRounds "11"]
[EventCountry "HUN"]
[SourceTitle "EXT 2014"]
[Source "ChessBase"]
[SourceDate "2013.11.20"]
[SourceVersion "1"]
[SourceVersionDate "2013.11.20"]
[SourceQuality "1"]
[WhiteTeam "Mezobereny"]
[BlackTeam "Mako II"]
[WhiteTeamCountry "HUN"]
[BlackTeamCountry "HUN"]

1. d4 g6 2. g3 Bg7 3. Bg2 c5 4. c3 cxd4 5. cxd4 Qb6 6. Nf3 Nc6 7. e3 d6 8. 0-0 Nf6 9. Nbd2 0-0 10. Nc4 Qb5 11. b3 Be6 12. Na3 Qh5 13. Nd2 Bg4 14. f3 Bh3 15. Ne4 Bxg2 16. Kxg2 Nd5 17. Bd2 f5 18. Nc3 Nf6 19. Ne2 e5 20. Nc4 Rfd8 21. Na5 Nxa5 22. Bxa5 b6 23. Bd2 g5 24. h4 gxh4 25. Rh1 e4 26. Nf4 Qxf3+ 27. Qxf3 exf3+ 28. Kxf3 Ne4 29. Be1 hxg3 30. Bxg3 Nxg3 31. Kxg3 Re8 32. Kf3 Rac8 33. Rag1 Rc2 34. Nh5 Re7 1/2-1/2

[Event "HUN-chT2 Toth 1213"]
[Site "Hungary"]
[Date "2012.11.18"]
[Round "4.2"]
[White "Horvath, Jozsef2222"]
[Black "Szasz, Janos"]
[Result "1/2-1/2"]
[WhiteElo "2150"]
[BlackElo "1949"]
[PlyCount "65"]
[EventDate "2012.09.16"]
[EventType "team-tourn"]
[EventRounds "11"]
[EventCountry "HUN"]
[SourceTitle "EXT 2014"]
[Source "ChessBase"]
[SourceDate "2013.11.20"]
[SourceVersion "1"]
[SourceVersionDate "2013.11.20"]
[SourceQuality "1"]
[WhiteTeam "Takisz"]
[BlackTeam "Mezobereny"]
[WhiteTeamCountry "HUN"]
[BlackTeamCountry "HUN"]

1. c4 c6 2. g3 d5 3. cxd5 cxd5 4. Bg2 Nf6 5. d3 Nc6 6. Nf3 g6 7. 0-0 Bg7 8. Qb3 0-0 9. Bg5 h6 10. Bxf6 Bxf6 11. Nc3 e6 12. Rfc1 Na5 13. Qd1 Bd7 14. b4 Nc6 15. Rab1 Nd4 16. Nxd4 Bxd4 17. e3 Bxc3 18. Rxc3 Rc8 19. Rxc8 Qxc8 20. Qd2 Kh7 21. Rc1 Qb8 22. d4 Rc8 23. Bf1 Rc7 24. Bd3 Qc8 25. Rxc7 Qxc7 26. h4 Kg7 27. Qb2 Qb6 28. Qc3 Bb5 29. Bc2 Bc4 30. a3 Qc6 31. Bb1 Qa4 32. Bc2 Qc6 33. Bb1 1/2-1/2

[Event "Puspokladany Arnoth Memorial 04th"]
[Site "Puspokladany"]
[Date "2011.07.31"]
[Round "9"]
[White "Szasz, Janos"]
[Black "Daroczy, Sandor"]
[Result "1/2-1/2"]
[WhiteElo "1899"]
[BlackElo "1978"]
[PlyCount "37"]
[EventDate "2011.07.27"]
[EventType "swiss"]
[EventRounds "9"]
[EventCountry "HUN"]
[SourceTitle "EXT 2018"]
[Source "ChessBase"]
[SourceDate "2017.10.13"]
[SourceVersion "1"]
[SourceVersionDate "2017.10.13"]
[SourceQuality "1"]

1. d4 Nf6 2. c4 e6 3. Nc3 d5 4. Bf4 Be7 5. e3 0-0 6. Nf3 Nbd7 7. h3 c6 8. Bd3 Re8 9. 0-0 Nf8 10. Rc1 Ng6 11. Bh2 dxc4 12. Bxc4 b6 13. Ne5 Bb7 14. a3 Nxe5 15. Bxe5 Bd6 16. Bxf6 Qxf6 17. Ne4 Qe7 18. Nxd6 Qxd6 19. Be2 1/2-1/2

[Event "HUN-chT2 Toth 1011"]
[Site "Hungary"]
[Date "2011.05.15"]
[Round "11.9"]
[White "Molnar, Jozsef"]
[Black "Szasz, Janos"]
[Result "0-1"]
[WhiteElo "1770"]
[BlackElo "1860"]
[PlyCount "54"]
[EventDate "2010.09.12"]
[EventType "team-tourn"]
[EventRounds "11"]
[EventCountry "HUN"]
[SourceTitle "EXT 2012"]
[Source "ChessBase"]
[SourceDate "2011.11.24"]
[SourceVersion "1"]
[SourceVersionDate "2011.11.24"]
[SourceQuality "1"]
[WhiteTeam "Abony"]
[BlackTeam "Mezobereny"]
[WhiteTeamCountry "HUN"]
[BlackTeamCountry "HUN"]

1. e4 c5 2. Nf3 d6 3. d4 cxd4 4. Nxd4 Nc6 5. Nc3 e6 6. Be2 Be7 7. 0-0 a6 8. Be3 Nf6 9. Qd2 0-0 10. f4 Qc7 11. a3 Rb8 12. g4 Nxd4 13. Bxd4 e5 14. fxe5 dxe5 15. Be3 Nxg4 16. Bxg4 Bxg4 17. Nd5 Qd8 18. Qg2 Bh5 19. Bb6 Qe8 20. b4 Bg6 21. Nxe7+ Qxe7 22. Bc5 Qh4 23. Bxf8 Rxf8 24. Rfe1 f5 25. exf5 Rxf5 26. Qd2 Rg5+ 27. Kh1 Be4+ 0-1

[Event "HUN-chT2 Toth 1011"]
[Site "Hungary"]
[Date "2011.05.01"]
[Round "10.11"]
[White "Szasz, Janos"]
[Black "Marjanovic, Annamaria"]
[Result "1-0"]
[WhiteElo "1860"]
[BlackElo "1631"]
[PlyCount "75"]
[EventDate "2010.09.12"]
[EventType "team-tourn"]
[EventRounds "11"]
[EventCountry "HUN"]
[SourceTitle "EXT 2012"]
[Source "ChessBase"]
[SourceDate "2011.11.24"]
[SourceVersion "1"]
[SourceVersionDate "2011.11.24"]
[SourceQuality "1"]
[WhiteTeam "Mezobereny"]
[BlackTeam "Maroczy II"]
[WhiteTeamCountry "HUN"]
[BlackTeamCountry "HUN"]

1. d4 Nf6 2. c4 e6 3. Nc3 Bb4 4. Bd2 0-0 5. Qc2 d5 6. e3 b6 7. cxd5 exd5 8. Nf3 Bb7 9. Bd3 Nbd7 10. 0-0 h6 11. Rac1 a6 12. Bf5 Bd6 13. Ne2 c5 14. dxc5 bxc5 15. Bc3 Qe7 16. Ng3 Bxg3 17. hxg3 c4 18. Rfd1 a5 19. Bd4 a4 20. Qc3 Ne8 21. Bxd7 Qxd7 22. Bc5 Nd6 23. Qb4 Ra6 24. Bxd6 Rxd6 25. Rxc4 Ba6 26. Rcd4 Be2 27. R1d2 Bxf3 28. gxf3 Ra8 29. Kg2 Qc6 30. e4 Rdd8 31. Rxd5 Rdb8 32. Qe7 Re8 33. Rd8 Raxd8 34. Rxd8 Rxd8 35. Qxd8+ Kh7 36. Qd3 g6 37. Qa3 Kg8 38. b3 1-0